000 00737nam a2200289Ia 4500
001 79671
003 IT-RoPAU
008 130308s9999 xx 000 0 und d
040 _aIT-RoPAU
040 _cIT-RoPAU
041 _aINGLESE
100 _aHurley Neil P.
100 _gCodice Aut. SPICS: 28819
245 _aLina Wertmuller
245 _bReligion in Film
250 _a3a ed.
260 _aTENNESSEE
260 _bUniversity Of Tennessee Press
260 _c1987 [1° Ed.:1982 - Ed.Ling.Originale:1982]
300 _a"7 p. (prefazione: no ; testo: 7 [pagine: 219-225])"
650 _aEDUCAZIONE AL CINEMA
650 _eCodice materia Spics: 6812
942 _cBK
957 _71
999 _c56092
_d56092
999 _bSI
999 _g1